[Event "AUT-ch U16 Girls"]
[Site "Koestendorf"]
[Date "1998.04.10"]
[Round "7.4"]
[White "Tschida, Verena"]
[Black "Kessler, Teresa"]
[Result "1-0"]
[WhiteElo "1522"]
[BlackElo "1306"]
[PlyCount "77"]
[EventDate "1998.04.04"]
[EventType "swiss"]
[EventRounds "7"]
[EventCountry "AUT"]
[SourceTitle "EXT 1999"]
[Source "ChessBase"]
[SourceDate "1998.11.16"]
[SourceVersion "1"]
[SourceVersionDate "1998.11.16"]
[SourceQuality "1"]

1. e4 e5 2. Nf3 Nc6 3. Nc3 Bc5 4. Bc4 Nf6 5. d3 0-0 6. Bg5 Be7 7. 0-0 d6 8. h3 b6 9. Nd2 Nd4 10. f4 Be6 11. f5 Bd7 12. Nf3 c6 13. Nxd4 exd4 14. Ne2 d5 15. exd5 Nxd5 16. Bxe7 Nxe7 17. Nxd4 c5 18. f6 cxd4 19. fxe7 Qxe7 20. Qe1 Qe3+ 21. Qf2 a6 22. Rae1 Qxf2+ 23. Rxf2 Rae8 24. Rxe8 Bxe8 25. Bxa6 f6 26. Rf4 Bf7 27. Rxd4 Bxa2 28. Bc4+ Bxc4 29. Rxc4 Re8 30. Kf2 g5 31. Rc6 b5 32. Rxf6 Re7 33. Rf5 Rf7 34. Rxf7 Kxf7 35. Kf3 h5 36. Ke4 Ke6 37. c4 bxc4 38. dxc4 Kd6 39. b4 1-0

[Event "AUT-ch U16 Girls"]
[Site "Koestendorf"]
[Date "1998.04.09"]
[Round "6.5"]
[White "Mozelt, Cornelia"]
[Black "Kessler, Teresa"]
[Result "1/2-1/2"]
[WhiteElo "1477"]
[BlackElo "1306"]
[PlyCount "123"]
[EventDate "1998.04.04"]
[EventType "swiss"]
[EventRounds "7"]
[EventCountry "AUT"]
[SourceTitle "EXT 1999"]
[Source "ChessBase"]
[SourceDate "1998.11.16"]
[SourceVersion "1"]
[SourceVersionDate "1998.11.16"]
[SourceQuality "1"]

1. e4 e5 2. Nf3 Nc6 3. Nc3 Bc5 4. Bc4 Nf6 5. d3 d6 6. h3 Qe7 7. Bg5 Bb4 8. 0-0 Bxc3 9. bxc3 0-0 10. Bxf6 Qxf6 11. d4 Rd8 12. Rb1 Qg6 13. Bd5 Bxh3 14. Nh4 Qg5 15. Qf3 Bg4 16. Qg3 exd4 17. f3 Qe3+ 18. Qf2 Qxf2+ 19. Rxf2 Bd7 20. Bxc6 Bxc6 21. cxd4 b6 22. Nf5 Bb7 23. c4 g6 24. Ne3 Rab8 25. Rfb2 c6 26. c5 dxc5 27. dxc5 b5 28. a4 a6 29. axb5 axb5 30. Kf2 Rd3 31. Rc1 Ra8 32. Ng4 Raa3 33. e5 Rac3 34. Rxc3 Rxc3 35. Rd2 Rxc5 36. Rd7 Ba6 37. Nh6+ Kg7 38. Nxf7 b4 39. e6 Bc8 40. Nd6+ Kf6 41. Nxc8 Kxe6 42. Rb7 Rb5 43. Rxb5 cxb5 44. Na7 Kd5 45. Nxb5 Kc4 46. Nd6+ Kd3 47. Ne4 h6 48. g3 h5 49. Ke1 b3 50. Nc5+ Ke3 51. Nxb3 Kxf3 52. Nd4+ Kxg3 53. Kf1 g5 54. Kg1 h4 55. Kh1 Kf2 56. Nf5 h3 57. Kh2 Kf3 58. Kxh3 g4+ 59. Kh4 Kf4 60. Ne3 g3 61. Ng2+ Kf3 62. Kh3 1/2-1/2